MARC
| LEADER | 00000cam a2200000 7i4500 | ||
|---|---|---|---|
| 001 | 0000008424 | ||
| 002 | 000009182 | ||
| 005 | 20000330.0 | ||
| 020 | |a 9839045121 | ||
| 090 | 0 | 0 | |a 297 |b KIS |
| 245 | 0 | 0 | |a 75 kisah benar |
| 999 | |a 043924 |b BUKU |c PINJAMAN |e PERPUSTAKAAN KOMUNITI PETALING JAYA | ||
| 999 | |a 043925 |b BUKU |c PINJAMAN |e PERPUSTAKAAN KOMUNITI PETALING JAYA | ||
| 999 | |a 046244 |b BUKU |c PINJAMAN |e PERPUSTAKAAN KOMUNITI PETALING JAYA | ||
| 999 | |a 046245 |b BUKU |c PINJAMAN |e PERPUSTAKAAN KOMUNITI CAW KOTA DAMANSARA | ||